=LDR 00000nam 2200000 4500 =001 INLIS000000000046920 =005 20150604100454.0 =006 =007 =008 =035 ##$$0010-061500000000009 =082 ##$$a 028.5 =090 ##$$a 028.5 kim w =100 ##$$a kim tae-wan =245 ##$$a why? happy math =260 ##$$a elex media komputindo =300 ##$$a 208 hlm. =850 ##$$a NPBMAT =990 ##$$a 0231/BPAP-NTB/2015